|
|
แสดงรายละเอียดบรรณานุกรม |
|
|
Brief Record
: Get Marc (ISO 2709)
: E-mail record
: |
|
|
| LEADER 00000nama 2200000uu 4500 | |||
| 008 040531s|||| th m m a000 0 tha d | |||
| 020 978-1-4130-2051-9 | |||
| 041 eng | |||
| 050 VCD 000120 | |||
| 100 Milner,Martin. | |||
| 245 English for Health Sciences/Martin,Milner. | |||
| 260 Amerrica. Thomson. 2006. | |||
| 300 1 ชุด 1 แผ่น. | |||
| 650 1.Health Sciences. | |||
| 995 200 | |||
| 999 ^aใช้งานได้ทุกระบบ | |||
| คุณยังไม่ได้ล็อกอิน คุณสามารถมีกิจกรรมร่วมกับเว็บไซต์ได้ แต่ต้องล็อกอินก่อน :: |
|
| สถานะ | |||||||||
| 1. | สื่อวีดิทัศน์ | VCD 000120 | On Shelf ขอยืม | ||||||
| [แสดง 1/1 รายการ] | |||||||||
BibComment |
| คอมเมนท์ทรัพยากรรายการนี้ |
|
|